Yakko's World Inclusions - Statistics

General Stats
  • This quiz has been taken 6 times
  • The average score is 19 of 38
Answer Stats
Type Place % Correct
City/Emirate Abu Dhabi
100%
Island Crete
100%
Former Country Name Dahomey
100%
City Algiers
67%
Continent Asia
67%
Former Country Name Burma
67%
Former Country Czechoslovakia
67%
Constituent Country England
67%
Overseas Department/Region French Guiana
67%
Autonomous Territory Greenland
67%
Overseas Territory Guam
67%
Former Country Name Kampuchea
67%
Overseas Department Mayotte
67%
Commonwealth Puerto Rico
67%
City/Municipality San Juan
67%
Constituent Country Scotland
67%
Island Chain The Philippine Islands
67%
Autonomous Region/Former Country Tibet
67%
Island/Ward Tobago
67%
Historic Region Transylvania
67%
Former Country Yugoslavia
67%
Former Country Name Zaire
67%
Overseas Territory Bermuda
33%
Island Borneo
33%
Sea/Region Caribbean
33%
Overseas Territory Cayman Islands
33%
City/Emirate Dubai
33%
Special Administrative Region Hong Kong
33%
Peninsula Korea
33%
Island New Guinea
33%
Two Former Countries North and South Yemen
33%
Island Sumatra
33%
Former Colony The Spanish Sahara (is gone)
33%
Overseas Territory American Samoa
0%
Overseas Territory French Polynesia
0%
Historic Region Moldavia
0%
Overseas Territory New Caledonia
0%
Island Chain Virgin Islands
0%
No matching quizzes found
Score Distribution
Percent of People with Each Score
Percentile by Number Answered
Your Score History
You have not taken this quiz